The storm

Uloženo v:
Podrobná bibliografie
Hlavní autor: Llanas, Angela (autora)
Médium: Kniha
Jazyk:angličtina
Vydáno: Londres McMillan 1994
Edice:MacMillan Children's Library, 5B
Témata:
Tagy: Přidat tag
Žádné tagy, Buďte první, kdo vytvoří štítek k tomuto záznamu!

MARC

LEADER 00000nam a2200000 a 4500
001 UCL2308
003 CL-VaPUC
008 031017e19940000UK |||||||||||||||||eng|d
020 |a 0333627067 
082 0 4 |a 808.068  |b LLA  |2 21 
100 |a Llanas, Angela  |e autora  |9 611893 
245 1 4 |a The storm 
300 |a 32 p 
942 |c BK 
945 |d 20031017 00:00:00  |a cmena 
260 |a Londres  |b McMillan  |c 1994 
650 0 |a Literatura infantil   |9 307465 
650 0 |a Enseñanza del inglés  |9 367340 
583 |a last modification  |c 20031017 00:00:00  |k Rodrigo Vera 
490 0 |a MacMillan Children's Library, 5B 
999 |c 305649  |d 305647 
952 |0 0  |1 0  |4 0  |6 808_068000000000000_LLA_1994  |7 0  |8 A  |9 369821  |a BIBEDU  |b BIBEDU  |d 2019-11-21  |i 3952347  |o 808.068 LLA 1994  |p 3952347  |r 2019-11-21  |w 2019-11-21  |y BK  |k LIT